1260 1027 1962 1702 1234 1154 1200 1020 1023 1028 1161 1142 1307 1021 1545 1384 1421 1819 1583 1557 1298 1458 1488 1021 1882 1323 1481 1364 1801 1924 1614 1149 1720 1416 1488 1120 1685 1285 1057 1684 1358 1982 1472 1628 1732 1618 1859 1380 1736 1882 1770 1010 1580 1627 1604 1576 1318 1801 1904 1062 1979 1983 1447 1416 1158 1407 1298 1382 1714 1515 1320 1279 1649 1428 1507 1189 1170 1323 1533 1801 1036 1619 1625 1212 1010 1657 1819 1970 1016 1019 1888 1009 1379 1677 1072 1604 1685 1443 1224 BCNSPRNW ULIB Ver.6.0+V

เปลี่ยนเป็นภาษาไทย

Change to English
 แสดงรายละเอียดบรรณานุกรม
  กลับหน้าหลัก

Brief Record : Get Marc (ISO 2709) : E-mail record : QR code < ปิดหน้าต่าง
LEADER : 00000nam 2200000uu 4500
001    13399112823
003     ULIB
008    110912s2000||||th 000 0 eng d
020    9749524659
050  4 LB2325^bB952S 2000
245 00 Standard criteria Thai higher education /^cedited by Sangrawee Chaopricha, Suvichakorn Chinapha ; tr. by Porntip Kanjananiyot
260    Bangkok :^bBureau of Higher Education Standards, Ministryof University Affairs,^c[2000?]
300    iii, 43 p. ;^c22 cm.
650  0 Education, Higher^xAdministation
650  0 Higher education and state^zThailand
650  0 Education, Higher^xStandards
700 0  Sangrawee Chaopricha,^eed
700 0  Suvichakorn Chinapha,^eed
700 0  Porntip Kanjananiyot,^tr.
710 1  Thailand. ^bMinistry of University Affairs. ^bBureau ofHigher Education Standards
945    ^p0^l0^i015916
945    ^p0^l0^i015917
995    ทศพร
999 ^a ทศพร
รายการนี้ยังไม่มีแท็ก
คุณยังไม่ได้ล็อกอิน คุณสามารถมีกิจกรรมร่วมกับเว็บไซต์ได้ แต่ต้องล็อกอินก่อน ::
  ล็อกอิน

รายการสื่อสารสนเทศ

ลำดับที่ ประเภท เลขเรียก/บาร์โค้ด สถานที่ สถานะ
- ไม่พบข้อมูล -

BibComment


ยังไม่เคยถูกคอมเมนท์

คอมเมนท์ทรัพยากรรายการนี้
  คอมเมนท์: Standard criteria..


 Copyright 2026. Bcnsprnw @Library